K niektorým otvoreným otázkam jednotného mechanizmu dohľadu v EÚ

Súčasný stav návrhu na vytvorenie jednotného mechanizmu dohľadu a pohľad na niektoré otvorené otázky, ktoré bude potrebné v ďalších rokovaniach vyriešiť.

Gespeichert in:
Bibliographische Detailangaben
1. Verfasser: Dvořáček, Vladimír
Weitere Verfasser: Čillíková, Júlia, Pénzeš, Peter
Format: Buchkapitel
Sprache:Slowakisch
Schlagworte:
Tags: Tag hinzufügen
Keine Tags, Fügen Sie das erste Tag hinzu!

MARC

LEADER 00000naa a2200000 4500
001 0165419
005 20231116093203.5
041 0 |a slo 
044 |a SK 
245 1 0 |a K niektorým otvoreným otázkam jednotného mechanizmu dohľadu v EÚ  |c Vladimír Dvořáček, Júlia Čillíková, Peter Pénzeš 
520 |a Súčasný stav návrhu na vytvorenie jednotného mechanizmu dohľadu a pohľad na niektoré otvorené otázky, ktoré bude potrebné v ďalších rokovaniach vyriešiť. 
610 2 0 |a dohľad bankový 
610 2 0 |a Európska únia 
610 2 0 |a trh finančný 
610 2 0 |a trh finančný medzinárodný 
610 2 0 |a regulácia finančná 
100 1 |a Dvořáček, Vladimír 
700 1 |a Čillíková, Júlia 
700 1 |a Pénzeš, Peter